Normal view MARC view
  • BDO

Entry Corporate Name

Number of records used in: 3

001 - CONTROL NUMBER

  • control field: 6028

003 - CONTROL NUMBER IDENTIFIER

  • control field: OSt

005 - DATE AND TIME OF LATEST TRANSACTION

  • control field: 20190806150249.0

008 - FIXED-LENGTH DATA ELEMENTS

  • fixed length control field: 120309n| acannaabn |n ana d

040 ## - CATALOGING SOURCE

  • Original cataloging agency: OSt
  • Transcribing agency: OSt

110 2# - HEADING--CORPORATE NAME

  • Corporate name or jurisdiction name as entry element: BDO

670 ## - SOURCE DATA FOUND

  • Source citation: Plugging the affordable housing funding gap, 2012